[Event "BCF-ch Major op"]
[Site "North Shields"]
[Date "2012.08.03"]
[Round "11.50"]
[White "Mulleady, Peter J"]
[Black "Kalairajah, Shyam"]
[Result "1-0"]
[WhiteElo "1797"]
[BlackElo "1776"]
[PlyCount "69"]
[EventDate "2012.07.23"]
[EventType "swiss"]
[EventRounds "11"]
[EventCountry "ENG"]
[SourceTitle "EXT 2023"]
[Source "ChessBase"]
[SourceDate "2022.10.05"]
[SourceVersion "1"]
[SourceVersionDate "2022.10.05"]
[SourceQuality "1"]

1. f4 d5 2. Nf3 Nf6 3. e3 g6 4. b3 Bg7 5. Bb2 c5 6. Bb5+ Bd7 7. Be2 0-0 8. 0-0 Nc6 9. Na3 a6 10. c4 e6 11. Nc2 Qc7 12. Qe1 Rfd8 13. Qh4 Ne4 14. Ng5 Nxg5 15. Bxg7 Nh3+ 16. Qxh3 Kxg7 17. g4 Ne7 18. Ne1 h6 19. Nf3 Bc6 20. Ne5 dxc4 21. Nxf7 Kxf7 22. f5 gxf5 23. Qh5+ Kg7 24. gxf5 Nxf5 25. Rxf5 exf5 26. Kf2 Kf6 27. Qxh6+ Ke7 28. Qg7+ Kd6 29. Qf6+ Kd7 30. Qxf5+ Ke8 31. Bh5+ Ke7 32. Qf7+ Kd6 33. Qf4+ Ke6 34. Bg4+ Kd5 35. bxc4# 1-0

[Event "BCF-ch Major op"]
[Site "North Shields"]
[Date "2012.08.02"]
[Round "10.52"]
[White "Kalairajah, Shyam"]
[Black "Pitkeathly, Hamish"]
[Result "1-0"]
[WhiteElo "1776"]
[BlackElo "1440"]
[PlyCount "41"]
[EventDate "2012.07.23"]
[EventType "swiss"]
[EventRounds "11"]
[EventCountry "ENG"]
[SourceTitle "EXT 2023"]
[Source "ChessBase"]
[SourceDate "2022.10.05"]
[SourceVersion "1"]
[SourceVersionDate "2022.10.05"]
[SourceQuality "1"]

1. e4 c5 2. Nf3 Nc6 3. c3 Nf6 4. e5 Nd5 5. d4 cxd4 6. cxd4 e6 7. Bc4 Qa5+ 8. Bd2 Bb4 9. 0-0 0-0 10. Qe2 f6 11. Rd1 Bxd2 12. Bxd5 Qxd5 13. Rxd2 fxe5 14. Nc3 Qa5 15. dxe5 a6 16. Re1 b6 17. Qe4 h6 18. g4 g5 19. Qg6+ Kh8 20. Qxh6+ Kg8 21. Qg6+ 1-0

[Event "BCF-ch Major op"]
[Site "North Shields"]
[Date "2012.08.01"]
[Round "9.51"]
[White "Kalairajah, Shyam"]
[Black "Robinson, Brian"]
[Result "1/2-1/2"]
[WhiteElo "1776"]
[BlackElo "1720"]
[PlyCount "39"]
[EventDate "2012.07.23"]
[EventType "swiss"]
[EventRounds "11"]
[EventCountry "ENG"]
[SourceTitle "EXT 2023"]
[Source "ChessBase"]
[SourceDate "2022.10.05"]
[SourceVersion "1"]
[SourceVersionDate "2022.10.05"]
[SourceQuality "1"]

1. e4 e6 2. d4 d5 3. e5 c5 4. c3 Nc6 5. Nf3 Bd7 6. Be2 f6 7. 0-0 fxe5 8. Nxe5 Nxe5 9. dxe5 Qc7 10. Re1 Ne7 11. Na3 0-0-0 12. f4 Nf5 13. Bd3 g6 14. Nc2 Be7 15. Bxf5 gxf5 16. Be3 Rhg8 17. a4 Bc6 18. g3 c4 19. Nd4 Rg6 20. Kf2 1/2-1/2

[Event "Brighton e2e4 Major-B"]
[Site "Brighton"]
[Date "2012.02.18"]
[Round "6"]
[White "Georgiev, Ivan1111"]
[Black "Kalairajah, Shyam"]
[Result "1/2-1/2"]
[WhiteElo "1796"]
[BlackElo "1830"]
[PlyCount "59"]
[EventDate "2012.02.15"]
[EventType "swiss"]
[EventRounds "9"]
[EventCountry "ENG"]
[SourceTitle "EXT 2014"]
[Source "ChessBase"]
[SourceDate "2013.11.20"]
[SourceVersion "1"]
[SourceVersionDate "2013.11.20"]
[SourceQuality "1"]

1. e4 e5 2. Nf3 Nc6 3. Bb5 a6 4. Ba4 Nf6 5. d3 b5 6. Bb3 Bc5 7. 0-0 d6 8. c3 0-0 9. h3 Be6 10. Bc2 Ba7 11. Re1 Re8 12. a4 d5 13. exd5 Bxd5 14. Bg5 h6 15. Bh4 g5 16. Bg3 e4 17. dxe4 Bxe4 18. Qxd8 Raxd8 19. Bxe4 Nxe4 20. Kh2 Bxf2 21. Bxf2 Nxf2 22. Rxe8+ Rxe8 23. axb5 axb5 24. Ra6 Re6 25. Nbd2 Nd3 26. b4 Kg7 27. Nb3 Kf6 28. Na5 Nde5 29. Nd2 Ke7 30. Ndb3 1/2-1/2

[Event "Brighton e2e4 Major-B"]
[Site "Brighton"]
[Date "2012.02.16"]
[Round "2"]
[White "Kalairajah, Shyam"]
[Black "Smith, Paul S"]
[Result "1/2-1/2"]
[WhiteElo "1830"]
[BlackElo "1799"]
[PlyCount "65"]
[EventDate "2012.02.15"]
[EventType "swiss"]
[EventRounds "9"]
[EventCountry "ENG"]
[SourceTitle "EXT 2014"]
[Source "ChessBase"]
[SourceDate "2013.11.20"]
[SourceVersion "1"]
[SourceVersionDate "2013.11.20"]
[SourceQuality "1"]

1. e4 d5 2. exd5 Qxd5 3. Nc3 Qa5 4. Nf3 Nf6 5. d4 c6 6. Bc4 Bg4 7. h3 Bxf3 8. Qxf3 e6 9. 0-0 Nbd7 10. Bd2 Qc7 11. Rfe1 Be7 12. Rad1 0-0 13. Bd3 Rfe8 14. Ne2 Rad8 15. c4 a6 16. g4 Nf8 17. Bc2 Ng6 18. Bf4 Nxf4 19. Nxf4 Bd6 20. Ne2 Bb4 21. Nc3 Qa5 22. a3 Bxc3 23. Qxc3 Qxc3 24. bxc3 g6 25. a4 b5 26. axb5 axb5 27. cxb5 cxb5 28. Bd3 Rb8 29. Rb1 Rec8 30. Rec1 Nd5 31. Rb3 b4 32. c4 Ne7 33. Rcb1 1/2-1/2

[Event "Hastings Masters op 87th"]
[Site "Hastings"]
[Date "2012.01.04"]
[Round "8"]
[White "Kalairajah, Shyam"]
[Black "MacRae, James"]
[Result "1/2-1/2"]
[WhiteElo "1830"]
[BlackElo "1740"]
[PlyCount "75"]
[EventDate "2011.12.28"]
[EventType "swiss"]
[EventRounds "9"]
[EventCountry "ENG"]
[SourceTitle "CBM 146 Extra"]
[Source "ChessBase"]
[SourceDate "2012.02.29"]
[SourceVersion "1"]
[SourceVersionDate "2012.02.29"]
[SourceQuality "1"]

1. e4 Nc6 2. Nc3 Nf6 3. d4 e5 4. dxe5 Nxe5 5. f4 Nc6 6. e5 Ng8 7. Bc4 d6 8. Nf3 Be6 9. Bxe6 fxe6 10. Ng5 Qd7 11. f5 Nxe5 12. fxe6 Qc6 13. 0-0 0-0-0 14. Nd5 Ne7 15. Nxe7+ Bxe7 16. Qe2 Bf6 17. Ne4 Be7 18. Bg5 Bxg5 19. Nxg5 Rde8 20. Nf7 Rhf8 21. Nxe5 Rxf1+ 22. Rxf1 dxe5 23. Qxe5 Qxe6 24. Qxg7 Qxa2 25. Rd1 Qe6 26. h3 Qe3+ 27. Kh1 Qe7 28. Qg4+ Kb8 29. Qd4 b6 30. Qd3 Qe4 31. Kg1 Qxd3 32. Rxd3 Re2 33. Rc3 c5 34. Kf1 Rd2 35. g4 Rd5 36. Ke2 Kc7 37. Rf3 Rd7 38. Ke3 1/2-1/2

[Event "GBR-ch Major 98th"]
[Site "Sheffield"]
[Date "2011.07.29"]
[Round "5"]
[White "Kalairajah, Shyam"]
[Black "Patrick, David A"]
[Result "1/2-1/2"]
[WhiteElo "1272"]
[BlackElo "1968"]
[PlyCount "76"]
[EventDate "2011.07.25"]
[EventType "swiss"]
[EventRounds "11"]
[EventCountry "ENG"]
[SourceTitle "EXT 2012"]
[Source "ChessBase"]
[SourceDate "2011.11.24"]
[SourceVersion "1"]
[SourceVersionDate "2011.11.24"]
[SourceQuality "1"]

1. e4 d5 2. exd5 Qxd5 3. Nc3 Qd8 4. Nf3 Nf6 5. d4 c6 6. Bc4 e6 7. 0-0 Bd6 8. Re1 0-0 9. Ne2 Qc7 10. Ng3 c5 11. dxc5 Bxc5 12. Bd3 Qb6 13. Qe2 Nc6 14. c3 Rd8 15. Rd1 a5 16. Bg5 Be7 17. Qc2 h6 18. Be3 Qc7 19. Rac1 Ng4 20. Qe2 Nxe3 21. Qxe3 Rd5 22. Qe4 g6 23. Bc2 Qb6 24. Rxd5 exd5 25. Qxd5 Be6 26. Qd2 Kg7 27. b3 Rd8 28. Qe2 Bf6 29. Nd4 Be7 30. Rd1 Bg4 31. Nf3 Be6 32. Rxd8 Qxd8 33. Qd3 Qc7 34. Nd4 Bd7 35. Nxc6 Bxc6 36. Qd4+ f6 37. Ne4 Qd6 38. Qxd6 Bxd6 1/2-1/2

[Event "Gatwick e2e4 op-B"]
[Site "Gatwick"]
[Date "2011.06.19"]
[Round "4"]
[White "Watson, Darrell"]
[Black "Kalairajah, Shyam"]
[Result "1-0"]
[WhiteElo "1630"]
[BlackElo "1322"]
[PlyCount "83"]
[EventDate "2011.06.17"]
[EventType "swiss"]
[EventRounds "5"]
[EventCountry "ENG"]
[SourceTitle "EXT 2014"]
[Source "ChessBase"]
[SourceDate "2013.11.20"]
[SourceVersion "1"]
[SourceVersionDate "2013.11.20"]
[SourceQuality "1"]

1. d4 d5 2. c4 e6 3. Nf3 Nf6 4. g3 dxc4 5. Bg2 Be7 6. Qa4+ Nbd7 7. Qxc4 0-0 8. 0-0 a6 9. Nc3 b5 10. Qb3 Bb7 11. Re1 Rc8 12. e4 c5 13. Qd1 b4 14. e5 bxc3 15. exf6 Nxf6 16. bxc3 Nd5 17. Bb2 Nb6 18. Rb1 Bd5 19. a3 Nc4 20. Bc1 cxd4 21. cxd4 Bxa3 22. h4 Bxc1 23. Rxc1 Qf6 24. Ne5 Nxe5 25. dxe5 Rxc1 26. Qxc1 Qe7 27. Bxd5 exd5 28. Qd1 Qe6 29. Re3 Rd8 30. Qd4 h6 31. g4 g6 32. Rf3 Kg7 33. Rf6 Qe7 34. g5 hxg5 35. hxg5 Re8 36. e6 fxe6 37. Rxe6+ Kf8 38. Rxe7 Rxe7 39. Qxd5 Kg7 40. Qd4+ Kf8 41. Qf6+ Ke8 42. Qxg6+ 1-0